Loading...
Literature - European Literature | 0 | 4 | 0 | 0 | 40 | 81 | 95.25 | 3 | 4 |
Literature - British Literature | 0 | 5 | 3 | 0 | 35 | 65 | 107.40 | 2 | 4 |
Fine Arts - Painting and Sculpture | 0 | 4 | 1 | 1 | 35 | 81 | 105.50 | 2 | 4 |
Literature - American Literature | 0 | 4 | 1 | 0 | 35 | 81 | 102.25 | 1 | 4 |
Literature - World Literature | 0 | 3 | 0 | 1 | 30 | 72 | 99.67 | 0 | 3 |
Science - Chemistry | 0 | 2 | 0 | 0 | 20 | 82 | 89.50 | 2 | 2 |
Fine Arts - Other Fine Arts | 0 | 2 | 0 | 1 | 20 | 126 | 132.00 | 0 | 0 |
History - American History | 0 | 1 | 0 | 0 | 10 | 97 | 97.00 | 0 | 1 |
Fine Arts - Classical Music | 0 | 1 | 0 | 0 | 10 | 136 | 136.00 | 0 | 0 |
Science - Biology | 0 | 1 | 1 | 0 | 5 | 80 | 80.00 | 0 | 1 |
Philosophy | 0 | 0 | 1 | 0 | -5 | 0.00 | 0 | 0 | |
Religion | 0 | 0 | 1 | 0 | -5 | 0.00 | 0 | 0 |